| 000 | 00768nam a2200193 a 4500 | ||
|---|---|---|---|
| 005 | 20210223120745.0 | ||
| 008 | 991125s1974 mx 000 0 spa u | ||
| 035 | _aUPN01000006697 | ||
| 049 | _aCG | ||
| 050 | 4 |
_aHD1393.5 _bF6.2 |
|
| 110 | 2 | _aFondo Nacional para el Fomento a la Industria Mediana y Pequeña (México) | |
| 245 | 1 | 0 |
_aCaracterísticas de la industria mediana y pequeña en México : _bestructura y resultado de operación de... / _cFondo de Garantía y Fomento a la Industria Mediana y Pequeña. |
| 260 |
_aMéxico : _bNacional Financiera, _c1974. |
||
| 300 | _a3 v. | ||
| 650 | 4 |
_aESTADISTICA INDUSTRIAL - _zMEXICO _96405 |
|
| 651 | 4 |
_aMEXICO - _xINDUSTRIAS - _xINVESTIGACION _93883 |
|
| 650 | 4 |
_aORGANIZACION INDUSTRIAL - _zMEXICO _91002 |
|
| 905 | _aLibro | ||
| 999 |
_c6697 _d6697 |
||